| 000 | 00742nam a2200217 a 4500 | ||
|---|---|---|---|
| 001 | 000035074 | ||
| 005 | 20260317133558.0 | ||
| 008 | 111024s1969 mx 000 0 spa d | ||
| 040 |
_aDO-SdBNP _bspa _cBNPHU |
||
| 082 |
_a370 _bL586h |
||
| 245 | 0 | 3 |
_aEl hombre y la cultura : _bproblemas teóricos sobre educación / _cA. N. Leontiev y otros ; versión al español de Rafael García Higuera. |
| 260 |
_aMéxico, D.F. : _bGrijalbo, _c1969. |
||
| 300 |
_a160 p. ; _c19 cm. |
||
| 490 | 1 |
_aColección 70 _v36 |
|
| 650 | 0 |
_aEducación _951588 |
|
| 650 | 0 |
_aCultura _989224 |
|
| 700 | 1 | 2 |
_aLeontiev, A. N. _960729 |
| 700 | 1 | 2 |
_aGarcía Higuera, Rafael, _etr. _960730 |
| 830 | 0 |
_aColección 70 _n36 _960731 |
|
| 910 | _aValidado. Control de calidad MFF | ||
| 999 |
_c34565 _d34565 |
||